000 00455nam a22001337a 4500
008 160416b xxu||||| |||| 00| 0 eng d
082 _22005
_aUT 0140
_bSa67
100 _95735
_aSapilan, Amor B.
245 _aFederal Philippines: Its political and economic impact/
_cAmor B.Sapilan.
260 _aDigos City:
_bUMDC
_cNovember 2005.
300 _a77 pages;
_c28 cm.
650 0 _95736
_aLiberal Arts
_vPolitical Science
_xUndergraduate thesis.
942 _2ddc
_cUT
999 _c1807
_d1807